Pallant House Gallery (Record no. 77451)
[ view plain ]
| 000 -LEADER | |
|---|---|
| fixed length control field | 00948cab a2200205 4500 |
| 001 - CONTROL NUMBER | |
| control field | ##L134315 |
| 008 - FIXED-LENGTH DATA ELEMENTS--GENERAL INFORMATION | |
| fixed length control field | 060725n2006 000 0 eng u |
| 035 ## - SYSTEM CONTROL NUMBER | |
| System control number | (Sirsi) u134315 |
| 041 0# - LANGUAGE CODE | |
| Language code of text/sound track or separate title | eng |
| 100 1# - MAIN ENTRY--PERSONAL NAME | |
| Personal name | Marshall, Stephen |
| 245 00 - TITLE STATEMENT | |
| Title | Pallant House Gallery |
| Remainder of title | many works in the collection are modest in size, meant originally for domestic spaces |
| 260 ## - PUBLICATION, DISTRIBUTION, ETC. | |
| Date of publication, distribution, etc. | 2006 |
| 490 #0 - SERIES STATEMENT | |
| Series statement | Architects' Journal |
| Volume/sequential designation | 3(224) 20 July 2006, 23-37(15) |
| 520 ## - SUMMARY, ETC. | |
| Summary, etc. | Reports on the design and architectural work involved in the conversion of a Grade I listed Queen Anne house in Chichester, West Sussex into an art gallery. Contains lay-out plans, section drawings and costings. A separate article looks at the vaulted roof and suspended ceiling platform constructed on the second floor of a new wing of the property. |
| 590 ## - LOCAL NOTE (RLIN) | |
| Local note | IKA010806 |
| 651 #4 - SUBJECT ADDED ENTRY--GEOGRAPHIC NAME | |
| Geographic name | WEST SUSSEX |
| 690 ## - LOCAL SUBJECT ADDED ENTRY--TOPICAL TERM (OCLC, RLIN) | |
| Topical term or geographic name as entry element | BUILT ENVIRONMENT-BUILDING COSTS |
| 700 1# - ADDED ENTRY--PERSONAL NAME | |
| Personal name | Dawson, Susan |
| 942 ## - ADDED ENTRY ELEMENTS (KOHA) | |
| Suppress in OPAC | 0 |
| Withdrawn status | Lost status | Source of classification or shelving scheme | Damaged status | Not for loan | Home library | Current library | Shelving location | Date acquired | Total Checkouts | Full call number | Barcode | Date last seen | Copy number | Price effective from | Koha item type |
|---|---|---|---|---|---|---|---|---|---|---|---|---|---|---|---|
| Dewey Decimal Classification | London | London | Journal article | 25/07/2006 | L134315 | 134315-1001 | 06/08/2019 | 1 | 06/08/2019 | Journal article |